Practical nonparametric statistics /

Guardado en:
Autor Principal: Conover, W.J.
Formato: Libro
Idioma:English
Publicado: New York : J.Wiley, 1980.
Edición:2. ed.
Etiquetas: Agregar Etiqueta
Sin Etiquetas, Sea el primero en etiquetar este registro!
LEADER 00486nam a22001695a 4500
001 EUN.um020913
003 AR-BaUNS
005 20050623122900.0
008 041125s1980####xxua##########000#0#eng#d
245 1 0 |a Practical nonparametric statistics /  |c W.J. Conover. 
260 |a New York :  |b J.Wiley,  |c 1980. 
300 |a 493 p. :  |b ilus. ;  |c 23 cm. 
020 |a 0471028673 
100 1 |a Conover, W.J. 
082 0 4 |a 519.53 
250 |a 2. ed. 
859 |a Ar-BaUNS  |b BIB. CENTRAL - Sector C  |h 519.53  |i C763  |p 92808/985